[Event "Traffic op"]
[Site "Buenos Aires"]
[Date "1992.??.??"]
[Round "3"]
[White "Quinteros, Miguel A"]
[Black "Mendez, Ernesto"]
[Result "1-0"]
[WhiteElo "2505"]
[BlackElo "2345"]

1.c4 Nf6 2.d4 e6 3.g3 d5 4.Bg2 Be7 5.Nf3 O-O 6.O-O c5 7.cxd5 exd5 8.b3 Nc6
9.Bb2 Re8 10.Nc3 cxd4 11.Nxd4 Bf8 12.Rc1 Bg4 13.h3 Bh5 14.g4 Bg6 15.e3 Rc8
16.Nde2 Nb4 17.Nf4 Be4 18.a3 Bxg2 19.Kxg2 Nc6 20.Ncxd5 Ne4 21.f3 Nc5 22.Rf2 Ne7
23.Rd2 Nxd5 24.Rxd5 Qb6 25.b4 Ne6 26.Nxe6 Rxc1 27.Qxc1 Rxe6 28.Bd4 Qa6 29.Rd8 Qe2+
30.Kg3 b6 31.Qc8 Qe1+ 32.Kf4  1-0

[Event "Buenos Aires Najdorf qual"]
[Site "Buenos Aires"]
[Date "1992.??.??"]
[Round "5"]
[White "Ricardi, Pablo"]
[Black "Mendez, Ernesto"]
[Result "1-0"]
[WhiteElo "2465"]
[BlackElo "2345"]

1.d4 d5 2.c4 e6 3.Nf3 Nf6 4.g3 Be7 5.Bg2 O-O 6.O-O Nbd7 7.Qc2 c5 8.cxd5 exd5
9.Nc3 c4 10.Bf4 Nb6 11.a4 g6 12.a5 Bf5 13.Qd1 Nc8 14.Ne5 Ne4 15.Nxe4 Bxe4
16.Bxe4 dxe4 17.Nxc4 Qd5 18.Ne3 Qb5 19.Qc2 Nd6 20.Qc7 Nc8 21.Rfd1 Bd8 22.Qc2 Be7
23.Qxe4  1-0

[Event "Buenos Aires Najdorf qual"]
[Site "Buenos Aires"]
[Date "1992.??.??"]
[Round "7"]
[White "Giardelli, Sergio C"]
[Black "Soppe, Guillermo"]
[Result "1/2-1/2"]
[WhiteElo "2430"]
[BlackElo "2440"]

1.c4 e6 2.g3 d5 3.Nf3 Nf6 4.Bg2 Be7 5.d4 O-O 6.O-O dxc4 7.Qc2 a6 8.Qxc4 b5
9.Qc2 Bb7 10.Bf4 Nc6 11.Rd1 Ra7 12.a3 Nd5 13.Bc1 Nb6 14.e4 Bf6 15.e5 Be7
16.Nc3 Qa8 17.d5 Nxd5 18.Nxd5 exd5 19.Bg5 Qe8 20.Qd2 Nd8  1/2-1/2

[Event "FMDA tt"]
[Site "Buenos Aires"]
[Date "1992.??.??"]
[Round "9"]
[White "Mellano, Santiago"]
[Black "Lopez, Ricardo"]
[Result "1-0"]
[WhiteElo "2220"]
[BlackElo "2250"]

1.d4 d5 2.Nf3 Nf6 3.c4 e6 4.g3 Be7 5.Bg2 O-O 6.O-O dxc4 7.Qc2 a6 8.Nbd2 Nbd7
9.Nxc4 c5 10.Rd1 b5 11.Nfe5 Nd5 12.Nc6 Qe8 13.N4a5 cxd4 14.Rxd4 Bf6 15.Rd1 g6
16.Bh6 Bg7 17.Bxg7 Kxg7 18.Bxd5 exd5 19.Rxd5 Qe6 20.Rad1 h5 21.Rd6 Qg4 22.R1d4 Qg5
23.R4d5 Qg4 24.Qc3+ Kh7 25.Qe3 Qa4 26.Rxh5+  1-0

[Event "Buenos Aires Najdorf qual"]
[Site "Buenos Aires"]
[Date "1992.??.??"]
[Round "10"]
[White "Mellano, Santiago"]
[Black "Amura, Claudia Noemi"]
[Result "1-0"]
[WhiteElo "2220"]
[BlackElo "2355"]

1.d4 d5 2.Nf3 Nf6 3.c4 e6 4.g3 Be7 5.Bg2 O-O 6.O-O dxc4 7.Qc2 a6 8.Nbd2 b5
9.Ng5 Ra7 10.b3 c3 11.Nde4 Nxe4 12.Nxe4 b4 13.a3 Bb7 14.axb4 Nc6 15.e3 Nxb4
16.Qxc3 Bxe4 17.Bxe4 c5 18.dxc5 Bf6 19.Qxb4 Bxa1 20.c6 Bf6 21.Qc5 Qb8 22.Qc2 g6
23.Ba3 Rd8 24.Rc1 Rc7 25.Qc4 a5 26.Bc5 Rd2 27.b4 axb4 28.Bxb4 Rd8 29.Ba5 Be5
30.Bxc7 Qxc7 31.Rb1 Rb8 32.Rxb8+ Qxb8 33.Kg2 Bc7 34.h4 h5 35.Qd3 Qd8 36.Bxg6 fxg6
37.Qxg6+ Kf8 38.Qxe6 Qe7 39.Qh6+ Kg8 40.Qxh5 Qe4+ 41.Qf3 Qe5 42.Qg4+ Kh7
43.e4  1-0

[Event "Calcutta"]
[Site "Calcutta"]
[Date "1992.??.??"]
[Round "1"]
[White "Mishra, Neeraj Kumar"]
[Black "Singh, Rajendra"]
[Result "1/2-1/2"]
[WhiteElo "2375"]
[BlackElo "2240"]

1.d4 Nf6 2.c4 e6 3.g3 d5 4.Bg2 Be7 5.Nf3 O-O 6.O-O c5 7.cxd5 exd5 8.Qc2 Na6
9.Nc3 h6 10.Rd1 Nb4 11.Qb1 c4 12.Ne5 Be6 13.a3 Nc6 14.Nxc4 dxc4 15.d5 Nxd5
16.Nxd5 Bc5 17.Be3 Bxe3 18.Nxe3 Qc7 19.Qe4 Na5 20.Rac1 Rad8 21.Qc2 Qe5 22.Rxd8 Rxd8
23.Rd1 Rxd1+ 24.Qxd1 b6 25.Qd8+ Kh7 26.Qd2 Kg8 27.Nd1 Nb3 28.Qd8+ Kh7 29.Nc3 Nc1
30.Be4+ g6 31.Bf3 Kg7 32.Kg2 Nb3 33.Ba8 Nd4 34.e3 Nb5 35.Nxb5 Qxb5 36.Qd4+ Kh7
37.h4 Qf5 38.e4 Qh3+ 39.Kg1 Qg4 40.Qf6 Qd1+ 41.Kg2 Kg8 42.Qe5 Qe2 43.Qd4 Bg4
44.e5 Be6 45.Qc3 Qd1 46.Qf3 Qd4 47.Qc3 Qd1 48.Bf3 Qd7 49.h5 g5 50.Kg1 Qd8
51.Qe3 Qd7 52.Kh2 Qd8 53.Be4 Qd1 54.Bf3 Qd7 55.Be2 Qd5 56.Kg1 Kg7 57.f4 gxf4
58.Qxf4 Qd8 59.Kf2 Qe7 60.Ke3 b5 61.Kd2 a5 62.Bd1 b4 63.axb4 axb4 64.Bc2 Qd8+
65.Ke1 Qg5 66.Kf2  1/2-1/2

[Event "Calcutta"]
[Site "Calcutta"]
[Date "1992.??.??"]
[Round "2"]
[White "King, Daniel J"]
[Black "Ravi, Thandalam Shanmugam"]
[Result "1-0"]
[WhiteElo "2505"]
[BlackElo "2310"]

1.c4 e6 2.g3 d5 3.Bg2 Nf6 4.Nf3 Be7 5.d4 O-O 6.O-O dxc4 7.Qc2 c5 8.dxc5 Bxc5
9.Nbd2 Qe7 10.Nxc4 Nc6 11.a3 a5 12.Bf4 Nd5 13.Rac1 Nxf4 14.gxf4 Ba7 15.Rfd1 Bd7
16.e3 Rfd8 17.Nd6 Rab8 18.Ng5 f5 19.Nxf5 exf5 20.Qc4+ Be6 21.Nxe6 Rxd1+ 22.Rxd1 Kh8
23.Bxc6 bxc6 24.Qxc6 Qh4 25.Qg2 Qf6 26.Rd7 Rg8 27.Ng5  1-0

[Event "Calcutta"]
[Site "Calcutta"]
[Date "1992.??.??"]
[Round "8"]
[White "Parappalli, Joe"]
[Black "Ganesan, Sankar"]
[Result "0-1"]
[WhiteElo "2320"]
[BlackElo "2300"]

1.d4 Nf6 2.c4 e6 3.g3 d5 4.Bg2 Be7 5.Nf3 O-O 6.O-O dxc4 7.Qc2 a6 8.a4 Bd7
9.Qxc4 Bc6 10.Nc3 Nbd7 11.Bf4 Nd5 12.Nxd5 exd5 13.Qc2 Re8 14.Rfd1 a5 15.Ne5 Ra6
16.e4 Nf6 17.f3 Bd6 18.Qd3 dxe4 19.fxe4 Bxe5 20.Bxe5 Qe7 21.Re1 Rd8 22.Qc3 Ng4
23.Bf4 Qb4 24.h3 Nf6 25.d5 Bxa4 26.Bxc7 Rc8 27.Bxa5 Rxc3 28.Bxb4 Rxg3 29.Kh2 Nh5
30.d6 Rb3 31.Rxa4 Rxa4 32.d7 Rd3 33.Rc1 h6 34.Rc8+ Kh7 35.d8=Q Rxd8 36.Rxd8 Rxb4
37.Rd2 Nf4 38.Bh1 Kg6 39.Bg2 Nxg2 40.Rxg2+ Kf6 41.e5+ Kxe5 42.Rxg7 Rxb2+
43.Kg3 Kf6 44.Rg4 Rb5 45.Kh4 Rf5 46.Rg8 h5 47.Rb8 b5 48.Rb6+  0-1

[Event "Calimanesti (Women)"]
[Site "Calimanesti"]
[Date "1992.??.??"]
[Round "?"]
[White "Stanciu, Gabriela"]
[Black "Baciu Ionescu, Otilia"]
[Result "1-0"]
[WhiteElo "2250"]
[BlackElo "2065"]

1.d4 d5 2.c4 e6 3.Nf3 Nf6 4.g3 Be7 5.Bg2 O-O 6.O-O dxc4 7.Qc2 a6 8.Qxc4 b5
9.Qc2 Bb7 10.Bd2 Be4 11.Qc1 Bb7 12.Rd1 Nc6 13.Be1 Nb4 14.a3 Nbd5 15.Nbd2 Nd7
16.Nb3 f5 17.Na5 Rb8 18.Nxb7 Rxb7 19.Ba5 Bd6 20.Ng5 Qe7 21.Qc6 Rb6 22.Bxb6 N7xb6
23.Qc1 Nc4 24.Nf3 f4 25.Rd3 a5 26.Nd2 fxg3 27.hxg3 Nce3 28.fxe3 Bxg3 29.Ne4 Qh4
30.Nxg3 Qxg3 31.Qe1 Qg5 32.Qd2 Rf6 33.Rf1 Rg6 34.Rf2 Nf6 35.e4 Qh4 36.Rdf3 h6
37.Rxf6 gxf6  1-0

[Event "Labor Day op2"]
[Site "CAN"]
[Date "1992.??.??"]
[Round "3"]
[White "South, Robert"]
[Black "Johnstone, Glenn"]
[Result "0-1"]
[WhiteElo "2240"]
[BlackElo "2300"]

1.d4 e6 2.c4 d5 3.Nf3 Nf6 4.g3 Be7 5.Bg2 O-O 6.O-O b6 7.Nc3 Bb7 8.Ne5 Nbd7
9.Qa4 Nb8 10.Rd1 c6 11.Bf4 Nh5 12.Be3 f6 13.Nd3 g5 14.Bd2 Qd6 15.cxd5 cxd5
16.e4 Bc6 17.Qb3 dxe4 18.Nxe4 Qd7 19.Nb4 Ba4 20.Qf3 Bxd1 21.Rxd1 Ng7 22.d5 a5
23.d6 Bd8 24.Nc5 bxc5 25.Qxa8 Qxd6 26.Nc6 Nxc6 27.Qxc6 Qd4 28.Bf3 Qxb2 29.Be3 c4
30.Qxc4 Bb6 31.Bxb6 Qxb6 32.Rd7 Rd8 33.Rb7 Qd6 34.a4 Nf5 35.Be4 Qd1+ 36.Qf1 Nh4
37.Bxh7+ Kf8 38.Rb1 Nf3+ 39.Kg2 Qd5 40.Rb5 Qc6 41.Kh3 g4+  0-1

[Event "Labor Day op"]
[Site "CAN"]
[Date "1992.??.??"]
[Round "8"]
[White "Schleifer, Michael"]
[Black "Angelov, Georgi"]
[Result "1/2-1/2"]
[WhiteElo "2240"]
[BlackElo "2210"]

1.d4 d5 2.Nf3 Nf6 3.c4 e6 4.g3 Be7 5.Bg2 O-O 6.Qc2 dxc4 7.Qxc4 a6 8.a4 b5
9.Qd3 Bb7 10.axb5 Be4 11.Qb3 Bd5 12.Qd1 axb5 13.Rxa8 Bxa8 14.O-O c5 15.dxc5 Bxc5
16.Qxd8 Rxd8 17.Nc3 Ne4 18.Nxe4 Bxe4 19.Ne5 Bxg2 20.Kxg2 f6 21.Nd3 Bb6 22.Bd2 Rc8
23.Bc3 Nd7 24.Ra1 Nc5 25.Nxc5 Bxc5 26.Rd1  1/2-1/2

[Event "Cappelle op"]
[Site "Cappelle la Grande"]
[Date "1992.??.??"]
[Round "5"]
[White "Szekely, Peter"]
[Black "Wells, Peter K"]
[Result "1/2-1/2"]
[WhiteElo "2450"]
[BlackElo "2470"]

1.Nf3 d5 2.c4 e6 3.g3 Nf6 4.Bg2 Be7 5.d4 O-O 6.Qc2 c5 7.dxc5 d4 8.Ne5 Qc7
9.Nd3 e5 10.Bg5 e4 11.Nf4 d3 12.Qd2 Qxc5 13.Bxf6 Bxf6 14.Nc3 Bxc3 15.Qxc3 dxe2
16.Nxe2 Bg4 17.Nf4 Nc6 18.h3 Bf3 19.Bxf3 exf3 20.O-O Rad8 21.Rad1  1/2-1/2

[Event "Cappelle op"]
[Site "Cappelle la Grande"]
[Date "1992.??.??"]
[Round "7"]
[White "Priehoda, Vitezslav"]
[Black "Schabanel, Stephane"]
[Result "1-0"]
[WhiteElo "2390"]
[BlackElo "2230"]

1.d4 Nf6 2.c4 e6 3.g3 d5 4.Nf3 Be7 5.Bg2 O-O 6.O-O dxc4 7.Na3 Bxa3 8.bxa3 Nc6
9.Bb2 Rb8 10.Qc2 b5 11.Rad1 Bb7 12.Ng5 g6 13.e4 Nd7 14.f4 Qe7 15.d5 Nd8 16.Bh3 Nc5
17.Qf2 Nd3 18.Rxd3 cxd3 19.Qd4 f6 20.Nxe6 Nxe6 21.Bxe6+ Kg7 22.g4 Bc8 23.f5 Bxe6
24.fxe6 h6 25.h4 Kh7 26.Qxd3 Rbd8 27.Rf3 c6 28.h5 gxh5 29.Bxf6 Rxf6 30.e5+ Rg6
31.Rf7+ Qxf7 32.exf7 Kg7 33.Qf5  1-0

[Event "JUG-chT"]
[Site "Cetinje"]
[Date "1992.??.??"]
[Round "?"]
[White "Ostojic, Nikola"]
[Black "Savicevic, Vlatko"]
[Result "1-0"]
[WhiteElo "2460"]
[BlackElo "2270"]

1.d4 d5 2.c4 e6 3.Nf3 Nf6 4.g3 Be7 5.Bg2 O-O 6.O-O c6 7.Qc2 b6 8.b3 Bb7 9.Nc3 Nbd7
10.Bb2 c5 11.cxd5 exd5 12.Rfd1 Re8 13.Rac1 g6 14.dxc5 bxc5 15.Ne1 Nb6 16.Nd3 Qc7
17.Nb5 Qd7 18.a4 Rec8 19.Bxf6 Bxf6 20.Nxc5 Qe7 21.b4 a6 22.a5 Nc4 23.Nxb7 axb5
24.Nc5  1-0

[Event "JUG-chT"]
[Site "Cetinje"]
[Date "1992.??.??"]
[Round "?"]
[White "Paunovic, Dragan"]
[Black "Petronijevic, Zoran"]
[Result "0-1"]
[WhiteElo "2440"]
[BlackElo "2275"]

1.d4 d5 2.c4 e6 3.Nf3 Nf6 4.g3 Be7 5.Bg2 O-O 6.Nc3 dxc4 7.O-O c5 8.dxc5 Qxd1
9.Rxd1 Bxc5 10.Ne5 Nbd7 11.Nxc4 Nb6 12.Nxb6 axb6 13.Bg5 Ra5 14.Bxf6 gxf6
15.Ne4 f5 16.Nd6 e5 17.a3 Ra4 18.Rac1 Be6 19.Nxb7 Bd4 20.Rd2 e4 21.e3 Bf6
22.Rc6 Ra7 23.Nd6 Rd8 24.Nxe4 fxe4 25.Rxd8+ Bxd8 26.Bxe4 Rd7 27.Kg2 Rd2 28.Rc2 Rd1
29.f4 Bb3 30.Rf2 Bf6 31.Kf3 Kg7 32.g4 h6 33.Bc2 Bxc2 34.Rxc2 Rb1 35.b4 Rb3
36.Ke4 Bb2 37.Rc6 Bxa3 38.Rxb6 Bc1 39.Kf5 Bxe3 40.Rb7 Bd2 41.g5 hxg5 42.fxg5 Rf3+
43.Kg4 Rf4+ 44.Kh5 Be1 45.g6 Rf5+ 46.Kg4 Kxg6 47.h4 Rf2 48.h5+ Kg7 49.b5 Rg2+
50.Kf3 Rb2 51.b6 Rf2+ 52.Kg4 Ba5 53.Rb8 Rb2  0-1

[Event "Chalkidiki m"]
[Site "Chalkidiki"]
[Date "1992.??.??"]
[Round "1"]
[White "Nogueiras, Jesus"]
[Black "Papaioannou, Ioannis"]
[Result "1-0"]
[WhiteElo "2550"]
[BlackElo "2300"]

1.d4 Nf6 2.Nf3 d5 3.c4 e6 4.g3 Be7 5.Bg2 O-O 6.O-O Nbd7 7.Qc2 c6 8.Nbd2 b6
9.e4 Bb7 10.e5 Ne8 11.Re1 c5 12.cxd5 Bxd5 13.Ne4 h6 14.dxc5 Nxc5 15.Nc3 Nc7
16.Be3 Qc8 17.Rac1 Qb7 18.Nxd5 Nxd5 19.Nd4 Rac8 20.Qe2 Nd7 21.f4 Rxc1 22.Rxc1 Rc8
23.Rd1 Bc5 24.Bf2 Qc7 25.Bxd5 exd5 26.Nf5 Qc6 27.Qf3 Qe6 28.g4 Bxf2+ 29.Kxf2 Rc2+
30.Kg3 Nxe5 31.Qxd5 Qxd5 32.Rxd5 Ng6 33.Rd8+ Kh7 34.h4 Rc4 35.Nd6 Rd4 36.Nxf7 Rxf4
37.Rd7 Rf1 38.h5 Nf8 39.Rxa7 Ne6 40.Ne5 Rg1+ 41.Kf3 Ng5+ 42.Kf4 Rf1+ 43.Ke3 Re1+
44.Kf4 Re4+ 45.Kg3 Rxe5  1-0

[Event "CSR-chT"]
[Site "CSR"]
[Date "1992.??.??"]
[Round "?"]
[White "Freisler, Pavel"]
[Black "Votava, Jan"]
[Result "0-1"]
[WhiteElo "2400"]
[BlackElo "2385"]

1.Nf3 d5 2.c4 e6 3.g3 Nf6 4.Bg2 Be7 5.d4 O-O 6.O-O b6 7.cxd5 exd5 8.Nc3 Bb7
9.Bf4 Na6 10.Ne5 c5 11.Rc1 Nc7 12.dxc5 bxc5 13.Qa4 Ne6 14.Nc6 Bxc6 15.Qxc6 Rc8
16.Qa4 d4 17.Ne4 Nxe4 18.Bxe4 Nxf4 19.gxf4 Qd6 20.e3 dxe3 21.fxe3 Qd2 22.Qa3 Rfd8
23.Rc2 Qd7 24.Qa6 c4 25.Rxc4 Bc5 26.Rc3 Qd2 27.Kh1 Qxb2 28.Rb3 Qd2 29.Rd3 Qb4
30.Rxd8+ Rxd8 31.Qb7 Qd2 32.Qb1 Bxe3 33.Bxh7+ Kh8 34.Qe4 Rd4 35.Qf5 Rxf4
36.Rxf4 Bxf4 37.Qc8+ Kxh7 38.Qf5+ Kh6 39.Qh3+ Kg5  0-1

[Event "CSR-chT"]
[Site "CSR"]
[Date "1992.??.??"]
[Round "?"]
[White "Hudecek, Jan"]
[Black "Modr, Bretislav"]
[Result "1-0"]
[WhiteElo "2285"]
[BlackElo "2315"]

1.d4 Nf6 2.c4 e6 3.g3 d5 4.Bg2 Be7 5.Nf3 O-O 6.O-O Nbd7 7.Nc3 c6 8.b3 b6
9.Qc2 Bb7 10.Rd1 Rc8 11.e4 h6 12.Bb2 Qc7 13.e5 Ne8 14.Rac1 Qb8 15.c5 bxc5
16.Ba3 Nc7 17.Na4 Na6 18.Qb2 Rc7 19.Bf1 Nb6 20.Nxc5 Nxc5 21.Bxc5 Bxc5 22.Rxc5 Nd7
23.Rc3 c5 24.Rdc1 Rfc8 25.Qc2 c4 26.bxc4 dxc4 27.Nd2 Nb6 28.Nxc4 Bd5 29.Qb3 Rc6
30.Nxb6 Bxb3 31.Nxc8 Rxc3 32.Rxc3 Bxa2 33.Ne7+ Kh7 34.Bd3+ g6 35.Rc8 Qb7
36.Re8 Qb3 37.Ng8 Qd1+ 38.Bf1 g5 39.Nf6+ Kg6 40.g4 h5 41.Rg8+ Kh6 42.h4 Qc1
43.hxg5+ Qxg5 44.Rxg5 Kxg5 45.gxh5 a5 46.Be2 a4 47.Ne4+ Kh6 48.Nc3 Bb3 49.Nb1 Kg5
50.Na3 Bd5 51.Bd1 Bc6 52.f4+ Kh6 53.Kf2 Bd5 54.Kg3 Bc6 55.Kg4 Bd7 56.Kh4 Bc6
57.Bc2 Bd7 58.Bd3 Bc6 59.Bb5 Bf3 60.Bxa4 Bxh5 61.Nc4 Bg6 62.Nd6 Kg7 63.Kg5 Kf8
64.Kf6 Bh5 65.Be8 Bg6 66.Bxf7  1-0

[Event "EU-chT (Men)"]
[Site "Debrecen"]
[Date "1992.??.??"]
[Round "1"]
[White "Wojtkiewicz, Aleksander"]
[Black "Dutreeuw, Marc"]
[Result "1/2-1/2"]
[WhiteElo "2495"]
[BlackElo "2425"]

1.Nf3 Nf6 2.c4 e6 3.g3 d5 4.Bg2 Be7 5.d4 O-O 6.Nc3 dxc4 7.Ne5 c5 8.dxc5 Qxd1+
9.Nxd1 Bxc5 10.O-O Nd5 11.Nxc4 Nc6 12.Bd2 Bd7 13.Rc1 Rac8 14.Nc3 Nxc3 15.Bxc3 Rfd8
16.Rfd1 Be8 17.a3 Rxd1+ 18.Rxd1 Rd8 19.Rc1 b6 20.e3 Nb8 21.b4 Be7 22.f4 f6
23.Kf2 Rc8 24.Bb2 Bb5 25.Bh3 f5 26.Bf1 Bf6 27.Bxf6 gxf6 28.Ke1 Kf8  1/2-1/2

[Event "EU-chT (Men)"]
[Site "Debrecen"]
[Date "1992.??.??"]
[Round "2"]
[White "Andersson, Ulf"]
[Black "Beliavsky, Alexander G"]
[Result "1/2-1/2"]
[WhiteElo "2605"]
[BlackElo "2620"]

1.d4 Nf6 2.Nf3 d5 3.c4 e6 4.g3 Be7 5.Bg2 O-O 6.O-O dxc4 7.Qc2 a6 8.Qxc4 b5
9.Qc2 Bb7 10.Bf4 Nc6 11.Rd1 Nb4 12.Qc1 Rc8 13.Nc3 Nbd5 14.Be3 Qd6 15.Nxd5 Nxd5
16.Bg5 c5 17.Bxe7 Qxe7 18.dxc5 Rxc5 19.Qd2 Nf6 20.Rac1 h6 21.Rxc5 Qxc5 22.Rc1 Qb6
23.Ne5 Bxg2 24.Kxg2 Qb7+ 25.f3 Rc8 26.Rxc8+ Qxc8 27.Qd6 Nd5 28.Nc6 Kh7 29.Kf2 Qb7
30.Qc5 Qc7 31.a3 Ne7 32.Qxe7 Qxc6  1/2-1/2

[Event "EU-chT (Women)"]
[Site "Debrecen"]
[Date "1992.??.??"]
[Round "6"]
[White "Kachiani Gersinska, Ketino"]
[Black "Tsiganova, Monika"]
[Result "1/2-1/2"]
[WhiteElo "2360"]
[BlackElo "2265"]

1.d4 Nf6 2.c4 e6 3.g3 d5 4.Nf3 Be7 5.Bg2 O-O 6.O-O c6 7.Qc2 Nbd7 8.b3 b6
9.Rd1 Bb7 10.Nc3 Rc8 11.e4 Nxe4 12.Nxe4 dxe4 13.Qxe4 Nf6 14.Qc2 Bd6 15.c5 Be7
16.Bg5 h6 17.Bxf6 Bxf6 18.b4 a5 19.a3 Qc7 20.Rab1 axb4 21.axb4 Ba6 22.h4 Rfd8
23.Rd2 Bb5 24.Re1 bxc5 25.bxc5 Qa5 26.Qb2 Ra8 27.g4 g6 28.Rdd1 Qa2 29.Qc1 Bg7
30.Qf4 Qa7 31.Ne5 Rac8 32.g5 h5 33.Be4 Qc7 34.Bg2 Bc4 35.Bxc6 Bb3 36.Rb1 Bxe5
37.Rxe5 Qxc6 38.Rxb3 Ra8 39.Rf3 Rd7 40.Re1 Rad8 41.Qf6 Re8 42.Re5 Qc7 43.Rf4 Qd8
44.Qxd8 Rexd8 45.Ree4 Kf8 46.Kf1 Ke7 47.Ke2 Rd5 48.Ke3 R8d7 49.Rf3 Kd8 50.Rff4 Ke7
51.Kd3 Rxc5  1/2-1/2

[Event "EU-chT (Men)"]
[Site "Debrecen"]
[Date "1992.??.??"]
[Round "9"]
[White "Kozul, Zdenko"]
[Black "Istratescu, Andrei"]
[Result "1/2-1/2"]
[WhiteElo "2545"]
[BlackElo "2430"]

1.d4 d5 2.c4 e6 3.Nf3 Nf6 4.g3 Be7 5.Bg2 O-O 6.O-O dxc4 7.Qc2 a6 8.a4 Bd7
9.Ne5 Bc6 10.Nxc6 Nxc6 11.e3 Na5 12.Nd2 c5 13.dxc5 Bxc5 14.Nxc4 Nxc4 15.Qxc4 Qe7
16.Bd2 Rac8 17.Rfc1 Qd7 18.Qe2 Nd5 19.a5 Rfd8 20.Be1 Bf8 21.Rxc8 Qxc8 22.Rd1 Rd7
23.Rd4 Ne7 24.Rxd7 Qxd7 25.Kf1 Nc6 26.Qc4 Be7 27.f4 h6 28.Ke2 Kf8 29.b4 Ke8
30.Bc3 g6 31.Ke1 Nd8 32.Bf3 h5 33.Be2 Bd6 34.Qd4 Qc6 35.Kd2 Kd7 36.e4 Kc8
37.Bc4 e5 38.Qd3 exf4 39.e5 Qg2+ 40.Kd1 Bc7 41.gxf4 Qxh2 42.Qf3 Kb8 43.Bf1 g5
44.fxg5 Bxe5 45.Bd2 Qg1 46.Be3 Qg4 47.Qxg4 hxg4 48.Bc4 Bd6 49.Bxf7 Nxf7 50.g6 Bf8
51.gxf7 Bxb4 52.Bh6 Kc7 53.f8=Q Bxf8 54.Bxf8 b6 55.axb6+ Kxb6  1/2-1/2

[Event "Doha op"]
[Site "Doha"]
[Date "1992.??.??"]
[Round "3"]
[White "Rahman, T."]
[Black "El Assiouti, Sheriff"]
[Result "1-0"]
[WhiteElo "2265"]
[BlackElo "2385"]

1.d4 Nf6 2.c4 e6 3.g3 d5 4.Bg2 Be7 5.Nf3 O-O 6.O-O dxc4 7.Qc2 a6 8.a4 Nbd7
9.Nbd2 Rb8 10.Nxc4 b5 11.Na5 Bb7 12.Nxb7 Rxb7 13.Ne5 Nd5 14.Qc6  1-0

[Event "Dortmund op-A"]
[Site "Dortmund"]
[Date "1992.??.??"]
[Round "2"]
[White "Stohl, Igor"]
[Black "Keitlinghaus, Ludger"]
[Result "1/2-1/2"]
[WhiteElo "2560"]
[BlackElo "2440"]

1.Nf3 d5 2.d4 e6 3.c4 Nf6 4.g3 Be7 5.Bg2 O-O 6.O-O Nbd7 7.Qc2 c6 8.b3 Ne4
9.Bb2 f5 10.Ne1 Bd6 11.Nd3 Qe7 12.Nd2 b6 13.e3 Bb7 14.Nf3 Rfd8 15.Rfd1 Rac8
16.Rac1 c5 17.dxc5 Ndxc5 18.Nde5 Bxe5 19.Nxe5 dxc4 20.bxc4 Ng5 21.Rxd8+ Rxd8
22.Rd1 Rxd1+ 23.Qxd1 Bxg2 24.Kxg2 Nf7 25.Nxf7 Kxf7 26.Qd4 Kg8 27.Ba3 Qc7
28.Bxc5 bxc5 29.Qd3 Qb7+  1/2-1/2

[Event "Dortmund op-A"]
[Site "Dortmund"]
[Date "1992.??.??"]
[Round "5"]
[White "Schebler, Gerhard"]
[Black "Thesing, Matthias"]
[Result "0-1"]
[WhiteElo "2300"]
[BlackElo "2415"]

1.d4 d5 2.Nf3 e6 3.g3 Nf6 4.Bg2 Be7 5.c4 O-O 6.Qc2 Nbd7 7.O-O c6 8.Bf4 a5
9.Nbd2 Nh5 10.Nb3 Nxf4 11.gxf4 Bd6 12.e3 Qf6 13.Ne5 Qh6 14.cxd5 exd5 15.Rfd1 Nf6
16.Nd2 Re8 17.Nf1 Ne4 18.Ng3 Nxg3 19.hxg3 Be6 20.Rac1 f6 21.Nd3 Re7 22.Nc5 Bg4
23.Rd2 Rd8 24.Qa4 Rb8 25.Nxb7 Bb4 26.Rdc2 Rexb7 27.Qxc6 Rb6 28.Bxd5+ Kf8
29.Qa4 Qh5 30.e4 Rd6 31.Rc7 Bf3 32.Rf7+ Kg8 33.Rb7+ Rxd5 34.Rxb8+ Bf8 35.Rxf8+ Kxf8
36.Rc8+ Ke7  0-1

[Event "Dortmund op-A"]
[Site "Dortmund"]
[Date "1992.??.??"]
[Round "11"]
[White "Nogly, Christoph"]
[Black "Schulze, Hanjo"]
[Result "1-0"]
[WhiteElo "2255"]
[BlackElo "2235"]

1.d4 Nf6 2.c4 e6 3.g3 d5 4.Bg2 Be7 5.Nf3 O-O 6.O-O dxc4 7.Nc3 Nbd7 8.a4 c6
9.a5 Bb4 10.Qa4 Qe7 11.Bg5 h6 12.Bxf6 Nxf6 13.Ne5 Nd5 14.Na2 Bd6 15.Nxc4 Bc7
16.e4 Nf6 17.b4 Rd8 18.Rfd1 Bd7 19.Qb3 Be8 20.Nc3 Rac8 21.Rac1 Bb8 22.Na4 Nd7
23.f4 f6 24.Ne3 Kh8 25.e5 f5 26.Nc5 Nxc5 27.bxc5 a6 28.Nc4 Ba7 29.Nd6 Rc7
30.h4 h5 31.Rd2 g6 32.Rb1 Rb8 33.Rdb2 Bd7 34.Qa2 Bc8 35.Bf1 Ra8 36.Bc4 Qd7
37.Rb4 Kg7 38.Kf2 Kf8 39.Ke3 Ke7 40.Qb3  1-0

[Event "Wch U18"]
[Site "Duisburg"]
[Date "1992.??.??"]
[Round "9"]
[White "Maiwald, Jens Uwe"]
[Black "Berzinsh, Roland"]
[Result "1/2-1/2"]
[WhiteElo "2375"]
[BlackElo "2390"]

1.d4 Nf6 2.c4 e6 3.g3 d5 4.Nf3 Be7 5.Bg2 O-O 6.O-O dxc4 7.Qc2 a6 8.a4 Bd7
9.Qxc4 Bc6 10.Nc3 b5 11.Qd3 b4 12.Nb1 Be4 13.Qd1 c5 14.Nbd2 Bd5 15.dxc5 Nbd7
16.Nb3 Nxc5 17.Nxc5 Bxc5 18.Ne5 Qc7 19.Nd3 Bxg2 20.Kxg2 Bd4 21.f3 Rab8 22.Bg5 Nd5
23.e4 Ne3+ 24.Bxe3 Bxe3 25.Qe2 Qa7 26.Ne5 Rfc8 27.Nc4 Bd4 28.Rac1 b3 29.Nd6 Rc5
30.Rfd1 g6 31.f4 e5 32.fxe5 Bxe5 33.Rc4 Qc7 34.Rxc5 Qxc5 35.Rd5 Qc2 36.Rd2 Qc7
37.Nc4 Rb4 38.Nxe5 Qxe5 39.Qxa6 Qxe4+ 40.Kf2 Qf5+ 41.Kg2 Qe4+ 42.Kf2 Rb8
43.Qa5 Qe7 44.Qc3 Re8 45.a5 Qe1+ 46.Kg2 Re2+ 47.Rxe2 Qxe2+ 48.Kh3 Qf1+ 49.Kh4 h6
50.Qxb3 Qf5 51.g4 g5+ 52.Kh3 Qf1+ 53.Kg3 Qf4+ 54.Kh3 Qf1+ 55.Kg3 Qf4+ 56.Kh3 Qf1+  1/2-1/2

[Event "Wch U18"]
[Site "Duisburg"]
[Date "1992.??.??"]
[Round "10"]
[White "Escobedo Tinajero, Alberto"]
[Black "Egger, Jorge"]
[Result "0-1"]
[WhiteElo "2220"]
[BlackElo "2355"]

1.d4 Nf6 2.c4 e6 3.g3 d5 4.Bg2 Be7 5.Nf3 O-O 6.Qc2 c5 7.cxd5 Nxd5 8.O-O Qb6
9.Ng5 Bxg5 10.Bxg5 cxd4 11.Na3 Nc6 12.Nc4 Qc5 13.Rfc1 h6 14.Bd2 Qe7 15.a3 Rd8
16.b4 Qf6 17.e4 d3 18.Qb1 Nb6 19.Nxb6 axb6 20.Bc3 e5 21.Rd1 Bg4 22.f3 Be6
23.Rxd3 Bc4 24.Rxd8+ Rxd8 25.Qb2 Nd4 26.Bxd4 Rxd4 27.Qf2 Qd8 28.Bf1 Rd2 29.Qe3 b5
30.Re1 Rb2 31.Rc1 Rb3 32.Qf2 Bxf1 33.Rxf1 Rxa3 34.Qc5 Qd4+ 35.Qxd4 exd4 36.Rd1 Rxf3
37.Rxd4 Rb3 38.Kf2 Kf8 39.Rd7 Rxb4 40.Kf3 Rb2 41.Rxb7 b4 42.h4 g6 43.e5 b3
44.Ke3 Rb1 45.Rb8+ Ke7 46.Rb7+ Ke6 47.Kd4 b2 48.Rb6+ Ke7 49.Kc3 Rg1 50.Rxb2 Rxg3+
51.Kd4 Rg4+ 52.Kd5 Rxh4 53.Rb7+ Kf8 54.e6 fxe6+ 55.Kxe6 Rf4 56.Ke5 Rf7  0-1

[Event "Espoo op"]
[Site "Espoo"]
[Date "1992.??.??"]
[Round "?"]
[White "Karner, Hillar"]
[Black "Linnanen, Lassi"]
[Result "1-0"]
[WhiteElo "2365"]
[BlackElo "2295"]

1.d4 d5 2.c4 e6 3.Nf3 Nf6 4.g3 Be7 5.Bg2 O-O 6.O-O c6 7.Nc3 Nbd7 8.b3 b6
9.Qd3 Bb7 10.Rd1 Rc8 11.e4 dxe4 12.Nxe4 c5 13.Nxf6+ Nxf6 14.Bf4 Bd6 15.Be5 h6
16.Qe3 Qe7 17.Qf4 Rfd8 18.Bxd6 Rxd6 19.dxc5 Rxd1+ 20.Rxd1 Qxc5 21.Ne5 Bxg2
22.Kxg2 Qe7 23.Qd4 Qb7+ 24.Kg1 Qe7 25.Rd2 Qc5 26.Qxc5 bxc5 27.Rd6 Rc7 28.Rd8+ Kh7
29.Rf8 Ne4 30.Nxf7 Nc3 31.Ne5 Nxa2 32.h4 h5 33.Rb8 Nc3 34.Nf3 Ne4 35.Ne5 Nd6
36.Kg2 Nf7 37.Nf3 Kg6 38.Kf1 Kf6 39.Ke2 Rc6 40.Nd2 Nd6 41.Rh8 g6 42.Rh7 a6
43.Kd3 e5 44.f3 Kf5 45.Rg7 Ne8 46.Rb7 Nf6 47.Ke3 Ke6 48.Ne4 Nxe4 49.Kxe4 Rd6
50.Rc7 Rd4+ 51.Ke3 Rd1 52.Rxc5 Rc1 53.g4 hxg4 54.fxg4 Rc3+ 55.Ke4 Rxb3 56.Rc6+ Kf7
57.Kxe5 Re3+ 58.Kf4 Re1 59.Rxa6 Rc1 60.Rc6 Re1  1-0

[Event "Finkenstein op"]
[Site "Finkenstein"]
[Date "1992.??.??"]
[Round "?"]
[White "Podvrsnik, Marko"]
[Black "Hresc, Vladimir"]
[Result "1/2-1/2"]
[WhiteElo "2215"]
[BlackElo "2390"]

1.d4 Nf6 2.c4 e6 3.g3 d5 4.Bg2 Be7 5.Nf3 O-O 6.O-O dxc4 7.Ne5 Nc6 8.Bxc6 bxc6
9.Nxc6 Qd6 10.Nxe7+ Qxe7 11.Qa4 e5 12.dxe5 Qxe5 13.Qxc4 Be6 14.Qd3 Bf5 15.Qe3 Qb5
16.Nc3 Qc6  1/2-1/2

[Event "FRA-chT"]
[Site "?"]
[Date "1992.??.??"]
[Round "?"]
[White "Roos, Celine"]
[Black "Flear, Christine"]
[Result "1/2-1/2"]
[WhiteElo "2160"]
[BlackElo "2210"]

1.d4 d5 2.c4 e6 3.Nf3 Nf6 4.g3 Be7 5.Bg2 O-O 6.O-O Nbd7 7.b3 b6 8.Nc3 Bb7
9.Bb2 c5 10.cxd5 Nxd5 11.Rc1 Rc8 12.Nxd5 Bxd5 13.Qd3 cxd4 14.Bxd4 Nc5 15.Qe3 Bxf3
16.exf3 Bf6 17.Rfd1 Bxd4 18.Rxd4 Qe7 19.f4 a5 20.Bf1 Nd7 21.Rcd1 Rc5 22.Qd3 Nf6
23.Bg2 Qc7 24.b4 Rc2 25.f5 e5 26.Rh4 axb4 27.Qe3 Qc5 28.Rb1 Rd8 29.Rhxb4 Qxe3
30.fxe3 Rdd2 31.Bf3 Rxa2 32.Rxb6 h6 33.Rb8+ Kh7 34.e4 Rf2 35.R1b3 Rfd2 36.h4 Ra1+
37.Rb1 Ra3 38.R1b3 Ra4 39.R8b7 Nxe4 40.Bxe4 Rxe4 41.Kf1 Ra4 42.Rb1 Raa2 43.Rxf7 Rf2+
44.Kg1 Rg2+ 45.Kh1 Rh2+ 46.Kg1 Rag2+ 47.Kf1 Rxg3 48.Rbb7 Rxh4 49.Kf2 Rg5
50.f6 Kg8 51.fxg7 Rf4+ 52.Rxf4 exf4 53.Kf3 Rf5 54.Rb4 Kxg7 55.Rxf4  1/2-1/2

[Event "Troll Masters"]
[Site "Gausdal"]
[Date "1992.??.??"]
[Round "2"]
[White "Groenn, Atle"]
[Black "Hunt, Harriet"]
[Result "1-0"]
[WhiteElo "2310"]
[BlackElo "2130"]

1.Nf3 d5 2.d4 Nf6 3.c4 e6 4.g3 Be7 5.Bg2 O-O 6.O-O Nbd7 7.Qc2 dxc4 8.Qxc4 c5
9.Rd1 Qb6 10.Nc3 a6 11.e4 cxd4 12.Nxd4 Ne5 13.Qe2 Bd7 14.Nb3 Rfd8 15.Be3 Qc7
16.Rac1 Nc6 17.Na4 Rf8 18.Bb6 Qb8 19.Nac5 Bd8 20.Rxd7 Nxd7 21.Nxd7 Qc8 22.Rd1 Re8
23.e5 Nb8 24.Bxd8 Nxd7 25.Ba5 Nf8 26.Rc1 Qd7 27.Rc7 Qa4 28.Bxb7  1-0